000 00363nam a2200169Ia 4500
100 _aAndrews/Jean
250 _a3
942 _cBK
366 _f15
654 _amaintaining PC
245 _aEnhanced guide to managing and maintaining your PC
260 _bThomsan Learning
_c2001
082 _a4
_bAND
300 _a775
546 _aENGLISH
999 _c23348
_d23348